| 000 | 00555nam a2200205 i 4500 | ||
|---|---|---|---|
| 001 | bgj | ||
| 100 | 1 |
_aBENZ, Ernst _d(1907- ) |
|
| 245 | 1 | 0 |
_aGeist und Leben der Ostkirche / _cErnst Benz. |
| 260 |
_aHamburg : _bRowohlt, _c1957. |
||
| 300 |
_a203 S. ; _c19 cm. |
||
| 490 | 1 | _aRowohlts Deutsche Enzyklopädie | |
| 504 | _aBibliographie S. 187-193. | ||
| 505 | _aRegister. | ||
| 650 | 9 | _aOrthodoxe Kirche | |
| 830 | _aRowohlts Deutsche Enzyklopädie | ||
| 040 | _cBPK | ||
| 041 | 0 | _ager | |
| 942 | _cKS | ||
| 008 | s gw f |000 0 ger | ||
| 999 |
_c50651 _d50651 |
||
| 856 |
_uhttp://koha.tu.koszalin.pl/cgi-bin/koha/opac-detail.pl?biblionumber=50651 _yKatalog online BPK |
||